Statistics for Multiple Choice: France or Germany?

Click here to take the quiz!

General Stats

  • This quiz has been taken 624 times
    (584 since last reset)
  • The average score is 11 of 15

Answer Stats

QuestionAnswer% Correct
Gifted the Statue of Liberty to the United StatesFrance
97%
Place where the automobile was inventedGermany
92%
Marianne is its national symbol.France
89%
Its largest ethnic minority is Turkish.Germany
89%
It did not exist as a nation state until 1871.Germany
86%
Has a larger land areaFrance
84%
Its current capital city was known as Lutetia in Roman times.France
82%
Has a larger populationGermany
82%
Is a founding member of the European Unionboth
80%
Shares a border with Italy.France
80%
Three quarters of its electricity comes from nuclear power.France
78%
Has oversea territoriesFrance
77%
The river Rhine runs through it.both
57%
Charlemagne is considered its founding father.both
40%
As of 2017, Catholicism is the largest Christian denomination.both
38%

Score Distribution

Percentile by Number Answered

Percent of People with Each Score

Your Score History

You have not taken this quiz since the last reset